LEADER 01519nam a2200289 i 4500 001 000000133951 003 CaOOAMICUS 005 20210322161722.0 008 050120s1990 it u000 u ita u 013 $a106972 040 $aSeMil$bita 100 1 $aSpadolini, Giovanni <1925-1994>.$0(OLS)http://semarc/name/3766 245 10$aGiolitti e i cattolici (1901-1914) :$bla conciliazione silenziosa /$cGiovanni Spadolini. 260 $a[Firenze] :$bCassa di Risparmio di Firenze,$ccopyr. 1990. 300 $aXI, 548 p., con documenti inediti e rari e con 400 illustrazioni fuori testo ;$c25 cm. 490 0 $aOpere illustrate di Giovanni Spadolini ;$v.[12] 541 0 $aFondo Card. C.M. Martini (3U V 363) 650 4$aGiolitti, Giovanni <1842-1928> - Relazioni con i cattolici.$0(OLS)http://semarc/subject/26285 650 4$aChiesa e Stato - Italia - 1901-1914.$0(OLS)http://semarc/subject/26286 830 0$aOpere illustrate di Giovanni Spadolini ;$v.[12].$0(OLS)http://semarc/title/17040 850 $aSeMil 852 $aSeMil$W1$xVenegono$y1$m3U V 363$j87738$B87738$CSeMilBibl$Z2$F91762 $8I 941 1 $a4 961 $aOmaggio Martini Card. Carlo Maria. -- Con dedica autografa dell'autore (Giovanni Spadolini) al card. C.M. Martini (Natale 1990) 996 $6245$aGiolitti e i cattolici (1901-1914) :$bla conciliazione silenziosa$9(OLS)http://semarc/title/195994 996 $6260$a[Firenze] :$bCassa di Risparmio di Firenze$9(OLS)http://semarc/publisher/33169 LEADER 01014nam a2200229 i 4500 001 000000209164 003 CaOOAMICUS 005 20111207000000.0 008 111207s1962 it u000 u mul u 013 $a187953 040 $aSeMil$bita 100 1 $aGalpin, Alfred.$0(OLS)http://semarc/name/74978 245 10$aFauriel in Italy :$bunpublished correspondence 1822-1825 /$cAlfred Galpin. 260 $aRoma :$bEdizioni di Storia e Letteratura,$c1962. 300 $a124 p., [7] p. di tav. ;$c25 cm. 490 0 $aQuaderni di cultura francese ;$v5 600 14$aFauriel, Claude <1772-1844>.$0(OLS)http://semarc/subject/39313 830 0$aQuaderni di cultura francese ;$v5.$0(OLS)http://semarc/title/17143 850 $aSeMil 852 $aSeMil$W1$xVenegono$y1$m3T V 205$j159618$B159618$CSeMilBibl$Z2$F170684 $81 996 $6245$aFauriel in Italy :$bunpublished correspondence 1822-1825$9(OLS)http://semarc/title/302346 996 $6260$aRoma :$bEdizioni di Storia e Letteratura$9(OLS)http://semarc/publisher/29779